| Tag |
First Indicator |
Second Indicator |
Subfields |
| LEADER |
00000cam a22000004a 4500 |
| 001 |
in00002782611 |
| 005 |
20171028063641.0 |
| 008 |
120830s2012 nyu 000 1 eng |
| 010 |
|
|
|a 2012033152
|
| 020 |
|
|
|a 9781471125553 (alk. paper)
|
| 020 |
|
|
|a 1471125556 (alk. paper)
|
| 020 |
|
|
|a 9781476715902 (alk. paper)
|
| 020 |
|
|
|a 1476715904 (alk. paper)
|
| 020 |
|
|
|a 9781476715919 (ebook)
|
| 020 |
|
|
|a 1476715912 (ebook)
|
| 035 |
|
|
|a (OCoLC)ocn806014082
|
| 040 |
|
|
|a DLC
|c DLC
|d UtOrBLW
|
| 042 |
|
|
|a pcc
|
| 049 |
|
|
|a TXAM
|
| 050 |
0 |
0 |
|a PS3608.O623
|b S57 2012
|
| 082 |
0 |
0 |
|a 813/.6
|2 23
|
| 100 |
1 |
|
|a Hoover, Colleen.
|
| 245 |
1 |
0 |
|a Slammed :
|b a novel /
|c Colleen Hoover.
|
| 250 |
|
|
|a 1st Atria Books trade paperback ed.
|
| 264 |
|
1 |
|a New York :
|b Atria Paperback,
|c [2012]
|
| 264 |
|
4 |
|c ©2012
|
| 300 |
|
|
|a 317 pages ;
|c 21 cm.
|
| 336 |
|
|
|a text
|b txt
|2 rdacontent
|
| 337 |
|
|
|a unmediated
|b n
|2 rdamedia
|
| 338 |
|
|
|a volume
|b nc
|2 rdacarrier
|
| 650 |
|
0 |
|a Fathers
|x Death
|v Fiction.
|
| 650 |
|
0 |
|a Life change events
|v Fiction.
|
| 650 |
|
0 |
|a Families
|v Fiction.
|
| 650 |
|
0 |
|a Poetry slams
|v Fiction.
|
| 650 |
|
0 |
|a Romance fiction.
|
| 945 |
|
|
|a PromptCat
|b 125042
|
| 946 |
|
|
|a curr
|
| 947 |
|
|
|a A14835938340
|
| 948 |
|
|
|a cataloged
|b h
|c 2012/12/18
|d c
|e dmitchel
|f 11:20:10 am
|
| 994 |
|
|
|a 92
|b TXA
|
| 999 |
|
|
|a MARS
|
| 999 |
f |
f |
|s 955b7388-6e3a-3e46-ac6f-3574f507bca7
|i 8dfb3ba6-f08c-339a-a242-b6205ae8741e
|t 0
|
| 952 |
f |
f |
|p normal
|a Texas A&M University
|b College Station
|c Sterling C. Evans Library
|s Evans curr
|d Evans: Curriculum Collection (4th floor)
|t 0
|e PS3608.O623 S57 2012
|h Library of Congress classification
|i unmediated -- volume
|m A14835938340
|
| 998 |
f |
f |
|a PS3608.O623 S57 2012
|t 0
|l Evans: Curriculum Collection (4th floor)
|